| 000 | 00000nam##2200000za#4500 |
| 001 | 9.591057 |
| 003 | CaOODSP |
| 005 | 20221005084829 |
| 007 | cr ||||||||||| |
| 008 | 150406|2002||||xxc|||||o f|0| 0 fre|d |
| 020 | |a0-662-87067-0 |
| 022 | |a1925-0665 |
| 040 | |aCaOODSP|bfre |
| 043 | |an-cn--- |
| 086 | 1 |aH113-5/2002-3F-IN |
| 110 | 1 |aCanada.|bSanté Canada. |bAgence de réglementation de la lutte antiparasitaire. |
| 245 | 10|aArséniate de cuivre et de chrome (ACC) |h[ressource électronique] |
| 260 | |aOttawa - Ontario : |bSanté Canada. |cLe 3 avril 2002. |
| 300 | |a2p. |
| 490 | 1 |aNote de réévaluation |x1925-0665|vREV 2002-03 |
| 590 | |a12-01-Supp|b2012-01-13 |
| 775 | 08|tChromated Copper Arsenate (CCA) |w(CaOODSP)9.558133 |
| 776 | 0#|tArseniate de cuivre et de chrome (ACC) |w(CaOODSP)9.625920 |
| 830 | #0|aNote de réévaluation (Canada. Agence de réglementation de la lutte antiparasitaire)|x1925-0665|vREV 2002-03|w(CaOODSP)9.500878 |
| 856 | 40|ahttp://publications.gc.ca|qPDF|s98 Ko|uhttps://publications.gc.ca/collections/Collection/H113-5-2002-3F.pdf|yREV 2002-03 |